[Event "Tula Rjazanov Memorial"]
[Site "Tula"]
[Date "2016.02.14"]
[Round "9"]
[White "Elkin, Yaroslav"]
[Black "Pugacheva, Natalia"]
[Result "0-1"]
[WhiteElo "1911"]
[BlackElo "1872"]
[PlyCount "58"]
[EventDate "2016.02.05"]
[EventType "swiss"]
[EventRounds "9"]
[EventCountry "RUS"]
[SourceTitle "CBM 171 Extra"]
[Source "ChessBase"]
[SourceDate "2016.04.26"]
[SourceVersion "1"]
[SourceVersionDate "2016.04.26"]
[SourceQuality "1"]

1. e4 e5 2. Nf3 Nc6 3. Nc3 Nf6 4. Bb5 a6 5. Ba4 b5 6. Bb3 Bb4 7. 0-0 0-0 8. d3 d6 9. h3 h6 10. d4 exd4 11. Nxd4 Nxd4 12. Qxd4 Bc5 13. Qd3 Bb7 14. e5 dxe5 15. Qg3 Kh7 16. Ne2 Ne4 17. Qxe5 Re8 18. Qf5+ Kh8 19. Bf4 Qh4 20. Bxf7 Bxf2+ 21. Kh1 Rf8 22. Qe6 Rxf7 23. Qxf7 Nd6 24. Qg6 Re8 25. Bxd6 Rxe2 26. Bh2 Bc5 27. Rg1 Qxh3 28. Rae1 Bd6 29. Qe8+ Kh7 0-1

[Event "Tula Rjazanov Memorial"]
[Site "Tula"]
[Date "2016.02.09"]
[Round "4"]
[White "Orlov, Valery"]
[Black "Elkin, Yaroslav"]
[Result "1/2-1/2"]
[WhiteElo "2034"]
[BlackElo "1911"]
[PlyCount "72"]
[EventDate "2016.02.05"]
[EventType "swiss"]
[EventRounds "9"]
[EventCountry "RUS"]
[SourceTitle "CBM 171 Extra"]
[Source "ChessBase"]
[SourceDate "2016.04.26"]
[SourceVersion "1"]
[SourceVersionDate "2016.04.26"]
[SourceQuality "1"]

1. e4 e6 2. d4 d5 3. exd5 exd5 4. Bd3 Bd6 5. Nf3 Ne7 6. 0-0 0-0 7. Re1 Nbc6 8. h3 Bf5 9. Bg5 Qd7 10. c3 Rfe8 11. Qc2 Bxd3 12. Qxd3 Qf5 13. Qxf5 Nxf5 14. Nbd2 h6 15. Be3 Nxe3 16. Rxe3 Rxe3 17. fxe3 Re8 18. Kf2 g6 19. g4 Kg7 20. Re1 f5 21. gxf5 gxf5 22. Rg1+ Kf6 23. Nh4 Ne7 24. Nb3 f4 25. exf4 Bxf4 26. Nc5 b6 27. Nd3 Bd6 28. Re1 Rf8 29. Re3 Kg5+ 30. Nf3+ Kh5 31. Re6 Nf5 32. Ke2 Ng3+ 33. Ke3 Nf1+ 34. Ke2 Ng3+ 35. Ke3 Nf1+ 36. Ke2 Ng3+ 1/2-1/2

[Event "Tula Rjazanov Memorial"]
[Site "Tula"]
[Date "2016.02.08"]
[Round "3"]
[White "Elkin, Yaroslav"]
[Black "Berenbein, Alexander"]
[Result "0-1"]
[WhiteElo "1911"]
[BlackElo "2115"]
[PlyCount "72"]
[EventDate "2016.02.05"]
[EventType "swiss"]
[EventRounds "9"]
[EventCountry "RUS"]
[SourceTitle "CBM 171 Extra"]
[Source "ChessBase"]
[SourceDate "2016.04.26"]
[SourceVersion "1"]
[SourceVersionDate "2016.04.26"]
[SourceQuality "1"]

1. e4 Nc6 2. d4 d6 3. Nc3 g6 4. Bc4 Bg7 5. Be3 Nf6 6. Nf3 Ng4 7. 0-0 e5 8. d5 Nxe3 9. fxe3 Nb8 10. a4 a5 11. Qe1 Nd7 12. Bb5 0-0 13. Nd2 Nc5 14. Bc4 Qe7 15. Nb3 Nxb3 16. Bxb3 f5 17. exf5 gxf5 18. e4 Bh6 19. Kh1 Kh8 20. Nb5 c6 21. Nc3 Bd7 22. exf5 Bxf5 23. Ne4 c5 24. c3 Rf7 25. Bc2 Raf8 26. Rf3 Bg6 27. Rxf7 Rxf7 28. Qe2 Qf8 29. Bd3 Rf4 30. Re1 Bxe4 31. Bxe4 Rf2 32. Qd3 Rxb2 33. Bxh7 Qf2 34. Rg1 Be3 35. Qf1 Qxg1+ 36. Qxg1 Bxg1 0-1